00476nam a2200193 a 4500001001300000003000900013005001700022008004100039020001000080082001800090100001700108245002300125260003300148300000900181500003500190505002100225650001900246700001700265nice12345678IN_TiNIC20260116015138.0050524s1984 dela grp 000 0 eng  ac10000a492.715bHAY1 aHaywood, J A aNew Arabic Grammar aDelhibDeni Book Depotc1984 a687p aincludes index and biblioraphy2 aIll, Bibl. Index aArabic-Grammar1 aHaywood, J A